000 00591nam a2200205Ii 4500
001 12637
003 CO-ViMGA
008 241108s9999||||xx |||||||||||||| ||und||
040 _aCO-ViMGA
_bspa
_erda
_cCO-ViMGA
041 0 _aunk
082 0 4 _a910.4-A54t
100 1 _aBenjamin Angel Maya
_953725
245 1 0 _aTres continentes
264 1 _a[Lugar de publicación no identificado] : Retina, 1960
300 _avolumen
336 _atext
_btxt
_2rdacontent
337 _aunmediated
_bn
_2rdamedia
338 _avolume
_bnc
_2rdacarrier
940 _aidficha_siabuc: 12345. -- ficha_no_siabuc:12637
999 _c50461
_d50461